000 00264nam a22001217a 4500
008 181205b xxu||||| |||| 00| 0 eng d
041 _aeng
080 _a615.03
100 _a9
101 _aEKZ
245 _aDiagnostic Examination
_cDegown D
942 _2udc
_cBK
999 _c52837
_d52837